000 01016nam a2200265Ia 4500
003 OSt
005 20221005103902.0
006 a|||||r|||| 00| 0
007 ta
008 221004b |||||||| |||| 00| 0 hin d
020 _a9788188790555 (hbk)
_c1700
024 _a16327
037 _bBL172, 07/01/2015, K. K. Publications
_cTextual
040 _aCRL
_cCRL
_bhin
041 _2hin
_ahin
082 _aO152,1I00:g, Q1
100 _aबब्बर, राकेश कुमार
245 0 _aकबीर - वाणी में काव्य - रूढ़ियॉं
246 _aKabīr - vāṇī mean kāvya - rūढ़iyaॉan
260 _aदिल्ली
_bकल्पना प्रकाशन भारत
_c2011
300 _a344पृ0
_ccm.
650 _aहिन्दी साहित्य
942 _hO152,1I00:g, Q1
_cTEXL
_2cc
999 _c1011162
_d1011162